| 000 | 01226nam a2200217Ia 4500 | ||
|---|---|---|---|
| 003 | Ost | ||
| 005 | 20260507075050.0 | ||
| 008 | 260507s9999||||xx |||||||||||||| ||und|| | ||
| 020 | _a9773272176 | ||
| 040 | _cfsecg | ||
| 041 | _aara | ||
| 100 |
_aسلامة، محمد علي _eمؤلف |
||
| 245 | 0 |
_aالانفتاح الاقتصادي وآثاره الاجتماعية على الأسرة / _c محمد علي سلامة |
|
| 260 |
_aالاسكندرية: _bدار الوفاء لدنيا للطباعة والنشر, _c2003 |
||
| 300 |
_a368 صفحة؛ _bإيضاحات ؛ _c24 سم |
||
| 520 | _aإطار الدراسة وإجراءاتها المنهجية-تاريخ الانفتاح الاقتصادي في مصر-الانفتاح الاقتصادي ظاهرة اجتماعية-أهداف الانفتاح الاقتصادي-الآثار الاجتماعية للآنفتاح الاقتصادي-الأسرة والانفتاح الاقتصادي نظرة تحليلية-الدراسات السابقة-نتائج الدراسة وتوصياتها | ||
| 653 | _aالإقتصاد | ||
| 653 | _aالتنمية الإقتصادية | ||
| 700 |
_aالدسوقي، عاصم _eمؤلف ثانوي |
||
| 942 | _cكتاب | ||
| 999 |
_c42626 _d42626 |
||